[Event "Faxe EMT"]
[Site "Faxe"]
[Date "2013.04.03"]
[Round "1"]
[White "Strandsbjerg, Jens"]
[Black "Toftvang, Ove"]
[Result "1-0"]
[WhiteElo "1612"]
[BlackElo "1255"]
[PlyCount "75"]
[EventDate "2013.04.03"]
[EventType "swiss"]
[EventRounds "7"]
[EventCountry "DEN"]
[SourceTitle "EXT 2023"]
[Source "ChessBase"]
[SourceDate "2022.10.05"]
[SourceVersion "1"]
[SourceVersionDate "2022.10.05"]
[SourceQuality "1"]

1. d4 Nf6 2. c4 c6 3. Nc3 e6 4. Bg5 Be7 5. Nf3 h6 6. Bf4 d6 7. h3 0-0 8. e3 Nh7 9. Bd3 f5 10. 0-0 b6 11. Qc2 a6 12. Bh2 Qe8 13. Ne2 Ng5 14. Nxg5 Bxg5 15. Bxd6 Rf7 16. c5 b5 17. f4 Bf6 18. Ng3 Bh4 19. Nh1 a5 20. a3 Rb7 21. b3 Qg6 22. Rf3 Nd7 23. g3 Nf6 24. Qg2 Bg5 25. fxg5 hxg5 26. g4 Ne4 27. gxf5 exf5 28. Bxe4 fxe4 29. Rf8+ Kh7 30. Ng3 Rf7 31. Rxf7 Qxf7 32. Qxe4+ g6 33. Rf1 Qe6 34. Qf3 Ra7 35. Ne4 Kh6 36. Qf8+ Rg7 37. Qh8+ Rh7 38. Bf8+ 1-0

[Event "Faxe Eftermiddag EMT Monrad"]
[Site "Faxe"]
[Date "2011.10.05"]
[Round "5"]
[White "Andersen, Hans Poul"]
[Black "Toftvang, Ove"]
[Result "0-1"]
[WhiteElo "1276"]
[BlackElo "1216"]
[PlyCount "82"]
[EventDate "2011.09.07"]
[EventType "swiss"]
[EventRounds "5"]
[EventCountry "DEN"]
[SourceTitle "EXT 2023"]
[Source "ChessBase"]
[SourceDate "2022.10.05"]
[SourceVersion "1"]
[SourceVersionDate "2022.10.05"]
[SourceQuality "1"]

1. e4 e5 2. Nf3 d6 3. h3 g6 4. Bc4 Be6 5. Bxe6 fxe6 6. d3 Qd7 7. 0-0 h6 8. Nh4 Ne7 9. f4 Nbc6 10. Nf3 Bg7 11. c3 Rf8 12. Be3 exf4 13. Bf2 g5 14. Qa4 e5 15. b4 b6 16. Nbd2 g4 17. hxg4 Qxg4 18. Nh2 Qd7 19. Ndf3 Bf6 20. Qb3 Rg8 21. Kh1 h5 22. Bh4 Bxh4 23. Nxh4 0-0-0 24. Nf5 Nxf5 25. exf5 Qxf5 26. Qd5 Nb8 27. b5 h4 28. Rf3 Qg6 29. Rh3 Rdf8 30. Rf1 f3 31. Rf2 fxg2+ 32. Rxg2 Qxg2+ 33. Qxg2 Rxg2 34. Kxg2 Rf4 35. c4 Nd7 36. Nf3 Nc5 37. Nxh4 Kb7 38. Ng6 Rg4+ 39. Rg3 Rxg3+ 40. Kxg3 Nxd3 41. a4 Nc5 0-1

[Event "Faxe Eftermiddag EMT Monrad"]
[Site "Faxe"]
[Date "2011.09.21"]
[Round "3"]
[White "Toftvang, Ove"]
[Black "Hansen, Arne Mandrup"]
[Result "1/2-1/2"]
[WhiteElo "1216"]
[BlackElo "1328"]
[PlyCount "64"]
[EventDate "2011.09.07"]
[EventType "swiss"]
[EventRounds "5"]
[EventCountry "DEN"]
[SourceTitle "EXT 2023"]
[Source "ChessBase"]
[SourceDate "2022.10.05"]
[SourceVersion "1"]
[SourceVersionDate "2022.10.05"]
[SourceQuality "1"]

1. g3 b6 2. Bg2 Nc6 3. Nf3 Bb7 4. e4 d6 5. c3 e5 6. b4 Nf6 7. d3 Be7 8. 0-0 0-0 9. h3 Nd7 10. a3 Qe8 11. Nh2 f5 12. f4 fxe4 13. Bxe4 Nd8 14. f5 Bxe4 15. dxe4 Nf6 16. Kh1 Qf7 17. Nd2 Kh8 18. c4 g6 19. g4 g5 20. Qe2 h5 21. Ndf3 Nh7 22. Rg1 h4 23. b5 Nb7 24. Be3 Rg8 25. Nd2 Nf6 26. Nb3 Nd7 27. Nf3 Bf6 28. Rgc1 Qe7 29. Qd2 Ndc5 30. Qc2 a5 31. a4 Nxb3 32. Qxb3 Rgd8 1/2-1/2

[Event "Faxe Eftermiddag EMT Monrad"]
[Site "Faxe"]
[Date "2011.09.14"]
[Round "2"]
[White "Toftvang, Ove"]
[Black "Rasmussen, Frede"]
[Result "1/2-1/2"]
[WhiteElo "1216"]
[BlackElo "1410"]
[PlyCount "135"]
[EventDate "2011.09.07"]
[EventType "swiss"]
[EventRounds "5"]
[EventCountry "DEN"]
[SourceTitle "EXT 2023"]
[Source "ChessBase"]
[SourceDate "2022.10.05"]
[SourceVersion "1"]
[SourceVersionDate "2022.10.05"]
[SourceQuality "1"]

1. g3 g6 2. Bg2 Bg7 3. c3 Nf6 4. Nf3 d6 5. 0-0 Nc6 6. d4 0-0 7. Bg5 h6 8. Bxf6 exf6 9. h3 f5 10. Nh2 d5 11. f4 Ne7 12. e3 Be6 13. b4 Nc8 14. a4 Nd6 15. Nd2 c6 16. Nhf3 Ne4 17. Nxe4 dxe4 18. Nd2 Qe7 19. h4 f6 20. Kf2 Qf7 21. Rh1 h5 22. Bf1 b6 23. Kg2 Rfd8 24. Be2 Bf8 25. a5 c5 26. Rb1 Qc7 27. Bc4 Bxc4 28. Nxc4 cxb4 29. Qb3 Kg7 30. cxb4 b5 31. Nd2 Qd6 32. Qa3 Rac8 33. Kh3 Rc2 34. Rh2 Rdc8 35. Rb3 R8c6 36. Nb1 Rxh2+ 37. Kxh2 Rc2+ 38. Kh3 Qe6 39. Rc3 Rxc3 40. Nxc3 Qc4 41. Na2 Qf1+ 42. Kh2 Qf2+ 43. Kh1 Qe1+ 44. Kh2 Qb1 45. a6 Qc2+ 46. Kh3 Qd3 47. Qc1 Qc4 48. Qb1 Qc6 49. Qb3 Qxa6 50. Nc3 Qc6 51. Qa3 a5 52. d5 Qc4 53. Na2 Bxb4 54. Nxb4 Qxb4 55. Qc1 Qc4 56. Qd1 Qd3 57. Qe1 Qc4 58. Qd2 Kf7 59. d6 Ke8 60. Qxa5 Kd7 61. Qb6 Qc6 62. Qb8 Qxd6 63. Qxb5+ Qc6 64. Qb2 Ke7 65. Qa3+ Qd6 66. Qa7+ Ke6 67. Qa2+ Kd7 68. Qa7+ 1/2-1/2

[Event "Faxe Eftermiddag-D"]
[Site "Faxe"]
[Date "2010.09.29"]
[Round "2"]
[White "Toftvang, Ove"]
[Black "Olsen, Michael1111"]
[Result "1-0"]
[WhiteElo "1246"]
[BlackElo "1104"]
[PlyCount "103"]
[EventDate "2010.09.22"]
[EventType "swiss"]
[EventRounds "5"]
[EventCountry "DEN"]
[SourceTitle "EXT 2023"]
[Source "ChessBase"]
[SourceDate "2022.10.05"]
[SourceVersion "1"]
[SourceVersionDate "2022.10.05"]
[SourceQuality "1"]

1. g3 e5 2. Bg2 Nc6 3. d3 Nf6 4. c3 Be7 5. Nf3 h6 6. a3 0-0 7. 0-0 d5 8. h3 Bd6 9. Nh2 Ne7 10. e4 c6 11. b4 Be6 12. Be3 Qd7 13. Bc5 Bxc5 14. bxc5 Bxh3 15. Qf3 Bxg2 16. Qxg2 d4 17. c4 b6 18. Nd2 bxc5 19. Ndf3 Ng6 20. Nd2 Rab8 21. Rab1 Qc7 22. Nb3 Qd6 23. Na5 Ne7 24. Nb7 Qc7 25. Nxc5 Rxb1 26. Rxb1 Rb8 27. Qf1 Rxb1 28. Qxb1 Qd6 29. Qb4 Qc7 30. Na6 Qc8 31. Nb8 c5 32. Qb5 Ne8 33. Na6 Nc7 34. Qxc5 Qxa6 35. Qxe7 Ne6 36. Nf3 Qa5 37. Qe8+ Kh7 38. Qxf7 Nd8 39. Qf5+ g6 40. Qd7+ Kg8 41. Qe8+ Kh7 42. Kg2 Kg7 43. Nxe5 Qc7 44. Qxg6+ Kf8 45. Qxh6+ Qg7 46. Qd6+ Kg8 47. Qxd8+ Kh7 48. Qxd4 Qh6 49. Qd7+ Kh8 50. Nf7+ Kg7 51. Nxh6+ Kxh6 52. Qxa7 1-0

[Event "Faxe Eftermiddag-D"]
[Site "Faxe"]
[Date "2010.09.22"]
[Round "1"]
[White "Hansen, Egon"]
[Black "Toftvang, Ove"]
[Result "0-1"]
[WhiteElo "1336"]
[BlackElo "1246"]
[PlyCount "54"]
[EventDate "2010.09.22"]
[EventType "swiss"]
[EventRounds "5"]
[EventCountry "DEN"]
[SourceTitle "EXT 2023"]
[Source "ChessBase"]
[SourceDate "2022.10.05"]
[SourceVersion "1"]
[SourceVersionDate "2022.10.05"]
[SourceQuality "1"]

1. e4 e5 2. Nf3 Bc5 3. Nc3 Nf6 4. d4 exd4 5. Nxd4 Bxd4 6. Qxd4 0-0 7. Bg5 h6 8. Bh4 Nc6 9. Qd2 Re8 10. 0-0-0 Ne5 11. Bxf6 Qxf6 12. Nd5 Qd8 13. f4 c6 14. Nc3 Ng6 15. Bc4 b5 16. Bd3 a5 17. f5 Ne5 18. Qf4 a4 19. g4 b4 20. Ne2 a3 21. b3 Qf6 22. c3 d5 23. Kc2 Nxd3 24. Kxd3 Rxe4 25. Qd2 Ba6+ 26. c4 Rae8 27. Rhe1 dxc4+ 0-1

[Event "Faxe EMT"]
[Site "Faxe"]
[Date "2010.05.05"]
[Round "7"]
[White "Olsen, Michael1111"]
[Black "Toftvang, Ove"]
[Result "0-1"]
[WhiteElo "1209"]
[BlackElo "1268"]
[PlyCount "98"]
[EventDate "2010.03.17"]
[EventType "swiss"]
[EventRounds "7"]
[EventCountry "DEN"]
[SourceTitle "EXT 2023"]
[Source "ChessBase"]
[SourceDate "2022.10.05"]
[SourceVersion "1"]
[SourceVersionDate "2022.10.05"]
[SourceQuality "1"]

1. d4 g6 2. Nf3 d5 3. Nc3 Bg7 4. e3 a6 5. Be2 f5 6. h3 Nf6 7. 0-0 0-0 8. Nh2 c6 9. f3 Qd6 10. b3 b5 11. a4 b4 12. Nb1 a5 13. c3 Bh6 14. c4 Qe6 15. Qd2 Nh5 16. f4 Nf6 17. Bf3 Ba6 18. cxd5 cxd5 19. Rf2 Nbd7 20. Bb2 g5 21. Qe1 gxf4 22. Be2 Ne4 23. Rf3 Bxe2 24. Qxe2 Kh8 25. Nd2 Ng3 26. Qe1 Qd6 27. Ndf1 Rg8 28. Bc1 Qe6 29. Bd2 Qf6 30. exf4 Qxd4+ 31. Be3 Ne2+ 32. Kh1 Qc3 33. Qd1 Rac8 34. Ra2 d4 35. Bxd4+ Nxd4 36. Rxc3 bxc3 37. Qxd4+ Bg7 38. Qd1 Nf6 39. Ne3 Rgd8 40. Qe2 Ne4 41. Nf3 Ng3+ 42. Kh2 Nxe2 43. Rxe2 Bd4 44. Nc2 Bf6 45. g3 h6 46. h4 Rd3 47. Kg2 Kg7 48. Nce1 Rd1 49. Ne5 Rd2 0-1

[Event "Faxe EMT"]
[Site "Faxe"]
[Date "2007.03.21"]
[Round "1"]
[White "Toftvang, Ove"]
[Black "Hansen, Egon"]
[Result "0-1"]
[WhiteElo "1216"]
[BlackElo "1546"]
[PlyCount "121"]
[EventDate "2007.03.21"]
[EventType "swiss"]
[EventRounds "7"]
[EventCountry "DEN"]
[SourceTitle "EXT 2023"]
[Source "ChessBase"]
[SourceDate "2022.10.05"]
[SourceVersion "1"]
[SourceVersionDate "2022.10.05"]
[SourceQuality "1"]

1. f4 d5 2. d4 Nf6 3. Nf3 Bf5 4. g3 e6 5. c3 c5 6. Bg2 Nc6 7. 0-0 Bd6 8. b3 0-0 9. a3 h6 10. e3 Rc8 11. h3 Ne4 12. Kh2 g5 13. g4 Bg6 14. Ne5 Kg7 15. Bxe4 Bxe4 16. Nd2 Bh7 17. Kh1 f6 18. Nxc6 bxc6 19. f5 e5 20. e4 Bg8 21. dxc5 Bxc5 22. b4 Bb6 23. Qe1 dxe4 24. h4 Qd3 25. Kh2 Qxc3 26. Rb1 Bd5 27. Bb2 Qd3 28. Rd1 Qc2 29. Bxe5 fxe5 30. Qg3 Kf6 31. Kh3 Rcd8 32. Rfe1 Qd3 33. Nxe4+ Bxe4 34. Rxd3 Rxd3 35. Rxe4 Rxg3+ 36. Kxg3 Rd8 37. hxg5+ hxg5 38. a4 Rd3+ 39. Kg2 Bd4 40. Re1 c5 41. bxc5 Bxc5 42. Rc1 Bb4 43. Rc6+ Rd6 44. Rc4 a5 45. Kf3 Rd4 46. Rc6+ Kf7 47. Ra6 Rf4+ 48. Kg3 e4 49. Rg6 Be1+ 50. Kh3 Rf3+ 51. Kg2 Rg3+ 52. Kf1 Bd2 53. Ke2 Bf4 54. Ra6 Rxg4 55. Rxa5 Rg2+ 56. Kf1 Ra2 57. Ra6 e3 58. a5 e2+ 59. Kf2 Bg3+ 60. Kxg3 e1Q+ 61. Kg4 0-1

[Event "Ostsjaellands op"]
[Site "Faxe"]
[Date "2006.04.26"]
[Round "6"]
[White "Nielsen, Poul Erik2222"]
[Black "Toftvang, Ove"]
[Result "0-1"]
[WhiteElo "1241"]
[BlackElo "1257"]
[PlyCount "120"]
[EventDate "2006.03.15"]
[EventType "swiss"]
[EventRounds "7"]
[EventCountry "DEN"]
[SourceTitle "EXT 2023"]
[Source "ChessBase"]
[SourceDate "2022.10.05"]
[SourceVersion "1"]
[SourceVersionDate "2022.10.05"]
[SourceQuality "1"]

1. Nf3 f5 2. d4 d5 3. c4 e6 4. a3 Nf6 5. Bg5 Be7 6. Nc3 c6 7. e3 0-0 8. Be2 b6 9. Rc1 Bb7 10. 0-0 Nbd7 11. cxd5 exd5 12. Bf4 Rc8 13. b4 a6 14. h3 b5 15. Rc2 Nb6 16. Ne5 Nc4 17. Nxc4 bxc4 18. Re1 Ne4 19. f3 Nxc3 20. Rxc3 Bh4 21. Rf1 Ra8 22. e4 Bg5 23. Bh2 f4 24. e5 Bh4 25. Qd2 Qg5 26. Bd1 Bc8 27. Kh1 Bg3 28. Bxg3 Qxg3 29. Qf2 Qg5 30. Re1 Be6 31. a4 Rab8 32. b5 cxb5 33. axb5 Rxb5 34. Ra3 Rb6 35. Bc2 Rfb8 36. Ra2 Bf5 37. Bxf5 Qxf5 38. Rae2 Re6 39. Ra2 c3 40. Rc2 Rb3 41. Rec1 Rc6 42. Qe1 Qd7 43. Rxc3 Rbxc3 44. Rxc3 Re6 45. Qc1 Qf7 46. Rc8+ Re8 47. Qc6 Rxc8 48. Qxc8+ Qf8 49. Qxa6 h6 50. Qd6 Qxd6 51. exd6 Kf8 52. Kh2 g5 53. g3 Ke8 54. gxf4 gxf4 55. h4 Kd7 56. Kh3 h5 57. Kg2 Kxd6 58. Kf2 Kc6 59. Ke2 Kb5 60. Kd3 Kb4 0-1

[Event "Ostsjaellands op"]
[Site "Faxe"]
[Date "2006.03.29"]
[Round "3"]
[White "Toftvang, Ove"]
[Black "Christoffersen, Per"]
[Result "0-1"]
[WhiteElo "1257"]
[BlackElo "1511"]
[PlyCount "88"]
[EventDate "2006.03.15"]
[EventType "swiss"]
[EventRounds "7"]
[EventCountry "DEN"]
[SourceTitle "EXT 2023"]
[Source "ChessBase"]
[SourceDate "2022.10.05"]
[SourceVersion "1"]
[SourceVersionDate "2022.10.05"]
[SourceQuality "1"]

1. e4 e6 2. d4 d5 3. e5 c5 4. Nf3 Nc6 5. Bb5 Bd7 6. Bxc6 Bxc6 7. c3 Qb6 8. 0-0 cxd4 9. cxd4 Ne7 10. b3 Nf5 11. Bb2 a5 12. a4 Be7 13. h3 0-0 14. Qd3 Rac8 15. Ba3 Bb4 16. Bxb4 Qxb4 17. Qc3 Qb6 18. Qd3 Bd7 19. Nbd2 Rc7 20. g4 Ne7 21. h4 Rfc8 22. Rfd1 Rc3 23. Qb1 Qb4 24. Ra2 Nc6 25. Ng5 g6 26. h5 Qxd4 27. Nge4 Qxe5 28. Nxc3 Qxc3 29. Nf1 Ne5 30. Nh2 Nf3+ 31. Kh1 Nxh2 32. Kxh2 Qf3 33. Rg1 Rc3 34. Rg3 Qf4 35. Qg1 Rxb3 36. Kh3 Rb4 37. Raa3 e5 38. Raf3 Qg5 39. Rd3 Bxg4+ 40. Kg2 Qxh5 41. Qh2 Qf5 42. Rge3 Be2 43. Rxe2 Qxd3 44. Re3 Rg4+ 0-1

[Event "Faxe EMT"]
[Site "Faxe"]
[Date "2003.04.30"]
[Round "6"]
[White "Andreasen, Rene"]
[Black "Toftvang, Ove"]
[Result "0-1"]
[WhiteElo "1100"]
[BlackElo "1161"]
[PlyCount "78"]
[EventDate "2003.03.19"]
[EventType "swiss"]
[EventRounds "7"]
[EventCountry "DEN"]
[SourceTitle "EXT 2023"]
[Source "ChessBase"]
[SourceDate "2022.10.05"]
[SourceVersion "1"]
[SourceVersionDate "2022.10.05"]
[SourceQuality "1"]

1. g3 d5 2. Bg2 Nf6 3. Nf3 Nc6 4. d4 b6 5. 0-0 Bf5 6. Nc3 Nb4 7. a3 Nxc2 8. Ra2 e6 9. Ne5 c5 10. dxc5 Bxc5 11. Nc6 Qd6 12. Nb4 Bxb4 13. axb4 Qxb4 14. e3 Qc5 15. Qe2 Nb4 16. Ra1 Bd3 17. Qd2 Bxf1 18. Bxf1 0-0 19. Na4 Qd6 20. b3 e5 21. Ba3 a5 22. Nc3 Qe6 23. Qe2 Rfc8 24. Bxb4 axb4 25. Rxa8 Rxa8 26. Na4 Ra5 27. Qe1 Qd6 28. Qc1 g6 29. Bh3 Ne4 30. f3 Nc5 31. Nxc5 Rxc5 32. Qd2 Rc3 33. Qa2 Qc5 34. Qf2 Qxe3 35. Qxe3 Rxe3 36. Kf1 Rxf3+ 37. Ke2 Rxb3 38. Kd2 Rb2+ 39. Kd3 Rxh2 0-1

[Event "Faxe EMT"]
[Site "Faxe"]
[Date "2003.03.26"]
[Round "2"]
[White "Wehlast, Svend Erik"]
[Black "Toftvang, Ove"]
[Result "1/2-1/2"]
[WhiteElo "1320"]
[BlackElo "1161"]
[PlyCount "181"]
[EventDate "2003.03.19"]
[EventType "swiss"]
[EventRounds "7"]
[EventCountry "DEN"]
[SourceTitle "EXT 2023"]
[Source "ChessBase"]
[SourceDate "2022.10.05"]
[SourceVersion "1"]
[SourceVersionDate "2022.10.05"]
[SourceQuality "1"]

1. d4 d5 2. Nf3 Nc6 3. e3 a6 4. Bd2 e6 5. a3 g6 6. c4 Bg7 7. c5 b6 8. b4 e5 9. Bc3 Bg4 10. Be2 Bxf3 11. gxf3 exd4 12. exd4 b5 13. a4 Na7 14. axb5 Nxb5 15. Bxb5+ axb5 16. Rxa8 Qxa8 17. Qe2+ Ne7 18. Qxb5+ c6 19. Qa5 0-0 20. Qxa8 Rxa8 21. 0-0 Nf5 22. Kg2 Bxd4 23. Rd1 Bxc3 24. Nxc3 Ra3 25. Nxd5 cxd5 26. Rxd5 Rb3 27. Rd8+ Kg7 28. Rb8 Nd4 29. f4 h5 30. Rb6 Ne6 31. c6 Nxf4+ 32. Kf1 Nd5 33. Rb7 Kf6 34. b5 Ke6 35. c7 Nxc7 36. Rxc7 Rxb5 37. Rc6+ Kf5 38. Rc4 g5 39. h3 Re5 40. Kg2 h4 41. Kf3 Kg6 42. Rc6+ f6 43. Rc4 Ra5 44. Kg2 Kf5 45. Rb4 Ra3 46. Rc4 Kg6 47. Rc6 Ra5 48. Rc4 f5 49. Rc8 Ra4 50. Rg8+ Kf6 51. Rf8+ Ke5 52. Re8+ Kf4 53. Rb8 Ra5 54. Rb4+ Ke5 55. Rb8 f4 56. Kf3 Ra2 57. Rb5+ Kf6 58. Rb6+ Kf5 59. Rb5+ Kg6 60. Rb6+ Kh5 61. Rb8 Ra3+ 62. Ke4 Rxh3 63. f3 Kg6 64. Rb6+ Kg7 65. Rb7+ Kf6 66. Rb6+ Kg7 67. Rb7+ Kg8 68. Kf5 Rxf3 69. Kg6 Kf8 70. Kxg5 h3 71. Kg4 h2 72. Rh7 Rf2 73. Kf5 Kg8 74. Rh6 Kg7 75. Rh5 f3 76. Kf4 Kg6 77. Rh3 Kf6 78. Kg3 Ra2 79. Rxh2 Rxh2 80. Kxh2 Kf5 81. Kg3 Ke4 82. Kf2 Kf4 83. Kf1 Ke3 84. Ke1 Ke4 85. Kf2 Kf4 86. Kf1 Kg3 87. Kg1 Kf4 88. Kf2 Ke4 89. Kf1 Ke3 90. Ke1 Kf4 91. Kf2 1/2-1/2

[Event "Faxe EMT"]
[Site "Faxe"]
[Date "2001.04.25"]
[Round "5"]
[White "Toftvang, Ove"]
[Black "Nielsen, Poul Erik2222"]
[Result "0-1"]
[WhiteElo "1202"]
[BlackElo "1399"]
[PlyCount "78"]
[EventDate "2001.03.21"]
[EventType "swiss"]
[EventRounds "7"]
[EventCountry "DEN"]
[SourceTitle "EXT 2023"]
[Source "ChessBase"]
[SourceDate "2022.10.05"]
[SourceVersion "1"]
[SourceVersionDate "2022.10.05"]
[SourceQuality "1"]

1. d4 d5 2. Nf3 g6 3. e3 Bg7 4. h3 Nf6 5. Nc3 a6 6. Bd3 0-0 7. 0-0 Re8 8. Re1 Nc6 9. a3 e5 10. Nxe5 Nxe5 11. dxe5 Rxe5 12. Na2 Re8 13. c3 Be6 14. b3 c5 15. Bb2 Qb6 16. Bc2 Rad8 17. Qe2 d4 18. Nc1 dxe3 19. c4 Rd2 20. Qxe3 Rxc2 21. Bxf6 Bxf6 22. Ra2 Rxa2 23. Nxa2 Bd7 24. Qd2 Rxe1+ 25. Qxe1 Qxb3 26. Nc1 Qxc4 27. Kh2 Bb2 28. Ne2 Bxa3 29. Ng3 Qe6 30. Qb1 Bc6 31. f3 Qe5 32. h4 Bb4 33. Qc1 Be1 34. f4 Bxg3+ 35. Kxg3 Qd4 36. Qf1 Qe4 37. Qf2 Qxg2+ 38. Qxg2 Bxg2 39. Kxg2 a5 0-1